Quizzes
Events
Quiz Creation
Community
Videos
Private Events
Remove Ads
Sign In
Join for FREE
Feedback
Dark Mode
Quiz Categories
Sports
Geography
Music
Movies
Television
Just For Fun
Miscellaneous
History
Literature
Language
Science
Gaming
Entertainment
Religion
Holiday
For Kids
Quiz Lab
Recent
Popular Today
Quiz Kudos Today
Editor Picks
Curator Picks
Quizzes by...
Day
Popularity
Type
Ratings
Length
Year
Community
Subscriptions
Recent Discussions
Orange Saloon
Badges
Playlists
Quests
Create
Leaderboards
Showdown
Live 5
Trivia Bingo
Activity
Puzzle Library
Sporcle Events
Private Events
Virtual Trivia
Globe League
Become a Host
Pub Owners
SporcleCon
Opinionation
Our Games
Videos
Blog
Mobile Apps
Partnerships
Remove Ads and Go Orange
Feedback
Miscellaneous
Crossword
General Knowledge
Baby Names
Logo
Food
Cars
Numbers
Grab Bag
University
College
Popular
Company
Slogans
Restaurants
Justice
Letter
Miscellaneous
Crossword
General Knowledge
Baby Names
Logo
Food
Cars
Numbers
Grab Bag
University
College
Popular
Company
Slogans
Restaurants
Justice
Letter
Random Quiz
Search Sporcle
×
Quiz Lab
Quiz Lab
Miscellaneous
Acronym
Type in answers that appear in a list
Type in answers that appear in a list
Classic
Best Score? Go Orange.
Technology Acronyms Stats
Can you name the Technology Acronyms?
By
harryhooch
15m
204 Questions
22 Plays
22 Plays
22 Plays
Comments
Comments
Give Quiz Kudos
Give Quiz Kudos
-
- Ratings
hide this ad
Replay
Link that replays current quiz
Next Quiz
Link to next quiz in quiz playlist
You Got
0%
They Got
Avg Score
37%
Avg Friend Score
Upgrade to see
Score Distribution
Jump to the score distribution portion of the page
Score
0/204
Timer
15:00
0
Plays Today
Hint
Short form (acronym)
% Correct
Access Control List
ACL
86.4%
Analog-
to-
Digital Converter
ADC
81.8%
Automatic Document Feeder
ADF
72.7%
Asymmetric Digital Subscriber Line
ADSL
72.7%
Accelerated Graphics Port
AGP
72.7%
Compact Disc
CD
72.7%
Compact Disc Recordable
CD-R
72.7%
Application Program Interface
API
68.2%
Advanced Technology Attachment
ATA
68.2%
Blind Carbon Copy
Bcc
68.2%
Basic Input/
Output System
BIOS
68.2%
American National Standards Institute
ANSI
63.6%
Address Resolution Protocol
ARP
63.6%
American Standard Code for Information Interchange
ASCII
63.6%
Asynchronous Transfer Mode
ATM
63.6%
Carbon Copy
Cc
63.6%
Compact Disc Read-
Only Memory
CD-ROM
63.6%
Compact Disc Re-
Writable
CD-RW
63.6%
Audio Interchange File Format
AIFF
59.1%
Computer-
Aided Design
CAD
59.1%
Charged Coupled Device
CCD
59.1%
Cost Per Click
CPC
59.1%
Cost Per Lead
CPL
59.1%
Central Processing Unit
CPU
59.1%
File Transfer Protocol
FTP
59.1%
Graphics Interchange Format
GIF
59.1%
Global Positioning System
GPS
59.1%
Graphical User Interface
GUI
59.1%
High-
Definition Video
HDV
59.1%
Beginner's All-
purpose Symbolic Instruction Code
BASIC
54.5%
Complementary Metal Oxide Semiconductor
CMOS
54.5%
Classroom Performance System
CPS
54.5%
Composite Theoretical Performance
CTP
54.5%
Double Data Rate
DDR
54.5%
Digital Video
DV
54.5%
Digital Versatile Disc
DVD
54.5%
Digital Versatile Disc Recordable
DVD-R
54.5%
Geographic Information Systems
GIS
54.5%
High-
Definition Multimedia Interface
HDMI
54.5%
Hyper-
Text Markup Language
HTML
54.5%
HyperText Transfer Protocol
HTTP
54.5%
Instant Message
IM
54.5%
Internet Message Access Protocol
IMAP
54.5%
Internet Protocol
IP
54.5%
Transmission Control Protocol/
Internet Protocol
TCP
54.5%
Bitmap
BMP
50%
Cathode Ray Tube
CRT
50%
Cascading Style Sheet
CSS
50%
Direct Memory Access
DMA
50%
Domain Name System
DNS
50%
Disk Operating System
DOS
50%
Dynamic Random Access Memory
DRAM
50%
Digital Subscriber Line
DSL
50%
Digital Video Interface
DVI
50%
Error Correction Code
ECC
50%
First In, First Out
FIFO
50%
Graphics Processing Unit
GPU
50%
Globally Unique Identifier
GUID
50%
Input/
Output
I
50%
Internet Connection Firewall
ICF
50%
Internet Connection Sharing
ICS
50%
Integrated Graphics Processor
IGP
50%
Local Area Network
LAN
50%
Click-
Through Rate
CTR
45.5%
Digital-
to-
Analog Converter
DAC
45.5%
Double Data Rate 2
DDR2
45.5%
Dynamic Host Configuration Protocol
DHCP
45.5%
Dynamic Link Library
DLL
45.5%
Hint
Short form (acronym)
% Correct
Dots Per Inch
DPI
45.5%
Digital Rights Management
DRM
45.5%
Digital Video Recorder
DVR
45.5%
Frequently Asked Questions
FAQ
45.5%
Heat Sink and Fan
HSF
45.5%
Internet Control Message Protocol
ICMP
45.5%
Industry Standard Architecture
ISA
45.5%
Information Technology
IT
45.5%
Kilobits Per Second
Kbps
45.5%
Lines Per Inch
LPI
45.5%
Network Interface Card
NIC
45.5%
Personal Information Manager
PIM
45.5%
Random Access Memory
RAM
45.5%
Read-
Only Memory
ROM
45.5%
High Definition Televsion
HDTV
40.9%
HyperText Transport Protocol Secure
HTTPS
40.9%
Joint Photographic Experts Group
JPEG
40.9%
Keyboard, Video, and Mouse Switch
KVM
40.9%
Lightweight Directory Access Protocol
LDAP
40.9%
Last In, First Out
LIFO
40.9%
Logical Unit Number
LUN
40.9%
Megabits Per Second
Mbps
40.9%
Maximum Transmission Unit
MTU
40.9%
Network Address Translation
NAT
40.9%
Personal Computer
PC
40.9%
Peripheral Component Interconnect
PCI
40.9%
Personal Digital Assistant
PDA
40.9%
Portable Document Format
PDF
40.9%
Power Management Unit
PMU
40.9%
Pixels Per Inch
PPI
40.9%
Pay Per Lead
PPL
40.9%
Pages Per Minute
PPM
40.9%
Storage Area Network
SAN
40.9%
Secure Digital
SD
40.9%
Database Management System
DBMS
36.4%
Integrated Device Electronics or Integrated Development Environment
IDE
36.4%
Internet Service Provider
ISP
36.4%
Java Server Page
JSP
36.4%
Liquid Crystal Display
LCD
36.4%
Musical Instrument Digital Interface
MIDI
36.4%
Moving Picture Experts Group
MPEG
36.4%
Peer To Peer OR Point to Point
P2P
36.4%
Portable Network Graphic
PNG
36.4%
Point to Point Protocol
PPP
36.4%
Parameter Random Access Memory
PRAM
36.4%
Query By Example
QBE
36.4%
Resource Description Framework
RDF
36.4%
Red Green Blue
RGB
36.4%
Reduced Instruction Set Computing
RISC
36.4%
Remote Desktop
RD
36.4%
Rich Text Fomat
RTF
36.4%
Serial Advanced Technology Attachment
SATA
36.4%
Small Computer System Interface
SCSI
36.4%
Synchronous Dynamic Random Access Memory
SDRAM
36.4%
Search Engine Optimization
SEO
36.4%
Short Message Service
SMS
36.4%
Service Oriented Architecture
SOA
36.4%
Structured Query Language
SQL
36.4%
Secure Sockets Layer
SSL
36.4%
Binary Large Object
Blob
31.8%
Cyan Magenta Yellow Black
CMYK
31.8%
Digital Versatile Disk Rewritable
DVD-RW
31.8%
Java Runtime Environment
JRE
31.8%
Media Access Control Address
MAC
31.8%
Optical Character Recognition
OCR
31.8%
Original Equipment Manufacturer
OEM
31.8%
Object Linking and Embedding
OLE
31.8%
Open Shortest Path First
OSPF
31.8%
Hint
Short form (acronym)
% Correct
Pay Per Click
PPC
31.8%
Plastic Pin Grid Array
PPGA
31.8%
Point-
to-
Point Tunneling Protocol
PPTP
31.8%
Personal System/
2
PS
31.8%
Redundant Array of Independent Disks
RAID
31.8%
Rambus Dynamic Random Access Memory
RDRAM
31.8%
Scalable Link Interface
SLI
31.8%
Server Message Block
SMB
31.8%
Simple Network Management Protocol
SNMP
31.8%
Static Random Access Memory
SRAM
31.8%
Time To Live
TTL
31.8%
Wide Area Network
WAN
31.8%
Dual In-
Line Memory Module
DIMM
27.3%
Micro Channel Architecture
MCA
27.3%
Network Operations Center
NOC
27.3%
New Technology File System
NTFS
27.3%
Organization for the Advancement of Structured Information Standards
OASIS
27.3%
Object-
Oriented Programming
OOP
27.3%
Printed Circuit Board
PCB
27.3%
Personal Computer Memory Card International Association
PCMCIA
27.3%
Rotations Per Minute
RPM
27.3%
Stock Keeping Unit
SKU
27.3%
Simple Mail Transfer Protocol
SMTP
27.3%
Simple Object Access Protocol
SOAP
27.3%
Standard Red Green Blue
sRGB
27.3%
Universal Serial Bus
USB
27.3%
Video Graphics Array
VGA
27.3%
Virtual Learning Environment
VLE
27.3%
Voice Over Internet Protocol
VoIP
27.3%
Virtual Private Network
VPN
27.3%
Network Basic Input/
Output System
NetBIOS
22.7%
Open Database Connectivity
ODBC
22.7%
Peripheral Component Interconnect Extended
PCI-X
22.7%
Post Office Protocol3
POP3
22.7%
Self-
Monitoring Analysis And Reporting Technology
SMART
22.7%
Thin-
Film Transistor
TFT
22.7%
Tagged Image File Format
TIFF
22.7%
User Datagram Protocol
UDP
22.7%
Universal Naming Convention
UNC
22.7%
Uninterruptible Power Supply
UPS
22.7%
Uniform Resource Identifier
URI
22.7%
Uniform Resource Locator
URL
22.7%
Video Random Access Memory
VRAM
22.7%
Wide Area Information Server
WAIS
22.7%
World Wide Web
WWW
22.7%
Zero Insertion Force
ZIF
22.7%
Runtime Environment
RTE
18.2%
Small Outline Dual In-
Line Memory Module
SO-DIMM
18.2%
Service Set Identifier
SSID
18.2%
Unified Modeling Language
UML
18.2%
Virtual File Allocation Table
VFAT
18.2%
Wi-
Fi Protected Access
WPA
18.2%
International Organization for Standardization
ISO
13.6%
Single In-
Line Memory Module
SIMM
13.6%
Secure Shell
SSH
13.6%
Universal Plug and Play
UPnP
13.6%
Wired Equivalent Privacy
WEP
13.6%
Wireless Fidelity
Wi-Fi
13.6%
Fiber Optic Service
FiOS
9.1%
Internetwork Packet Exchange
IPX
9.1%
MPEG-
1 Audio Layer-
3
MP3
9.1%
Toolkit Without An Informative Name
TWAIN
9.1%
Extensible Markup Language
XML
9.1%
Internet Network Information Center
InterNIC
4.5%
Online Analytical Processing
OLAP
4.5%
Year 2000
Y2K
4.5%
Mobile Ad Hoc Network
MANET
0%
Hypertext Preprocessor
PHP
0%
Quiz Playlist
Details
Report
Send in Message
Add To Playlist
Classic:
Type in answers that appear in a list
Last Updated: Jul 19, 2017
Quiz Scoreboard
CHALLENGE
Sign Up to Join the Scoreboard
Show All
Scores
Hide
Comments
May contain spoilers
Recently Published
Presidents Visiting Landmarks
by Hejman
History
7m
An Introduction to Baseball
by treessimontrees
Sports
5m
Movies - When Are They Set?
by FPL_Elf
Movies
5m
More to Explore
Quiz From the Vault
Featured Blog Post
Where Did the Easter Bunny Come From?
hide this ad
You Might Also Like...
Tags
Acronym
Technology
Today's Top Quizzes in Miscellaneous
Browse Miscellaneous
hide this ad
Today's Top Quizzes in Acronym
Browse Acronym
Top Contributed Quizzes in Miscellaneous
1
5-to-1: Fast Food
2
The JOE quick-fire general knowledge quiz: Day 174
3
The JOE quick-fire general knowledge quiz: Day 173
4
5-to-1: Cocktails
5
The JOE quick-fire general knowledge quiz: Day 172
6
Sunday Crossword: Famous Bodies of Water
7
One Thing in Common: United Kingdom II
8
The JOE quick-fire general knowledge quiz: Day 171
9
Named After an Animal - Odd One Out!
10
The JOE quick-fire quiz: Day 170
Explore More
Trending Topics
Harry Potter
Marvel
Crossword
Anime
Kpop
Disney
NBA
The Office
NFL
Pokémon
WWE
Song
Puzzle
Country
Soccer
hide this ad
More By:
harryhooch
Quiz
Plays
Rating
Category
Featured
Created
Technology Acronyms
22
Miscellaneous
Jul 12, 2017
Go to Creator's Profile
Score Distribution
Quiz Creator Spotlight
harryhooch
Follow
Send a Message
Quizzes Created
-
Created Quiz Play Count
-
More By This Creator
Popular Quizzes Today
1
Find the US States - No Outlines Minefield
2
Find the Countries of Europe - No Outlines Minefield
3
The Countries of the World
4
Find the US States
5
Popular People in 1961
6
US States
7
Risky Map Clicking: Biggest States A-Z
8
Movies - When Are They Set?
More Miscellaneous Quizzes
Sunday Crossword: Like Clockwork
Editor's Pick
Trending Quizzes
Risky Map Clicking: Least Populous States A-Z
1-10 Letter G Words
1-10 Letter F Words
Risky Map Clicking: Next State Alphabetically
Risky Map Clicking: Biggest States A-Z
Recently Updated
Leaping Animals
pecheneg
Reality TV Shows (A-Z)
bhenderson79
Rickey Henderson's Hall of Fame Teammates
pecheneg
Champions League XIs: Arsenal
pecheneg
Quick Pick: Celebrities in WWE's Hall of Fame
aduchscher
A-Z Keypad Blitz II
pecheneg
Multiple Oscar Actors
pecheneg
Mystery Phrase Blitz: Oscar 'Best Actors'
pecheneg
F. Scott Fitzgerald Novels
LTH
Pick 3 Villains
ddd62291
Trending Topics
Harry Potter
Anime
NBA
Crossword
Marvel
Kpop
Disney
WWE
The Office
Country
Pokémon
Song
NFL
Soccer
Puzzle
Your Account Isn't Verified!
In order to create a playlist on Sporcle, you need to verify the email address you used during registration. Go to your
Sporcle Settings
to finish the process.
Report this User
Report this user for behavior that violates our
Community Guidelines
.
Details:
Send Report
Go to the Sporcle.com Mobile Site →
Comments